ბათუმის შოთა რუსთაველის სახელმწიფო უნივერსიტეტის ბიბლიოთეკა

Металлорежущие станки. (ბიბ.ჩანაწერი № 42757)

000 -LEADER
fixed length control field 00599nam a2200205Ia 4500
001 - CONTROL NUMBER
control field 9463
003 - CONTROL NUMBER IDENTIFIER
control field GE_BSU
008 - FIXED-LENGTH DATA ELEMENTS--GENERAL INFORMATION
fixed length control field 181216s||||||||xx |||||||||||||| ||und||
040 ## - CATALOGING SOURCE
Transcribing agency GE_BSU
080 ## - UNIVERSAL DECIMAL CLASSIFICATION NUMBER
Universal Decimal Classification number 621.9.06(075)
100 ## - MAIN ENTRY--PERSONAL NAME
Personal name Пуш,В.Э. Беляев,В.Г. Гаврюшин,А.А. и др.
245 ## - TITLE STATEMENT
Title Металлорежущие станки.
245 ## - TITLE STATEMENT
Statement of responsibility, etc. Под ред. В.Э.Пуша.
260 ## - PUBLICATION, DISTRIBUTION, ETC.
Place of publication, distribution, etc. М.
260 ## - PUBLICATION, DISTRIBUTION, ETC.
Name of publisher, distributor, etc. Машиностроение.
260 ## - PUBLICATION, DISTRIBUTION, ETC.
Date of publication, distribution, etc. 1985.
300 ## - PHYSICAL DESCRIPTION
Extent 256 стр.с илл. 23 см.
653 ## - INDEX TERM--UNCONTROLLED
Uncontrolled term Металлорежущие станки.
942 ## - ADDED ENTRY ELEMENTS (KOHA)
Koha item type წიგნი
ეგზემპლარები
Withdrawn status Lost status Damaged status Not for loan Date acquired Barcode Date last seen Price effective from Koha item type
        2018-12-17 11231 2018-12-17 2018-12-17 წიგნი
        2018-12-17 11232 2018-12-17 2018-12-17 წიგნი